Statistiques concernant Pokémon légendaire et fabuleux (courumix)

Cliquez ici pour prendre le quiz!

Statistiques générales

  • Ce quiz a été pris 43 fois
  • Le résultat moyen est 58 sur 81

Statistiques - réponses

Réponseid% Correct
lugia9
100%
mew5
97%
mewtwo4
97%
artikodin1
93%
électhor2
93%
sulfura3
93%
entei7
90%
groudon18
90%
kyogre17
90%
raikou6
90%
reshiram42
90%
suicune8
90%
zekrom43
90%
créfadet24
86%
créfollet23
86%
créhelf22
86%
giratina29
86%
jirachi20
86%
rayquaza19
86%
viridium39
86%
celebi11
83%
cresselia30
83%
dialga25
83%
kyurem45
83%
latias15
83%
latios16
83%
palkia26
83%
regice13
83%
regigigas28
83%
regirock12
83%
registeel14
83%
terrakium38
83%
darkrai33
79%
manaphy32
79%
arceus35
76%
heatran27
76%
phione31
76%
victini36
76%
zacian71
76%
keldeo46
72%
oh-ho10
72%
yveltal50
72%
zamazenta72
72%
deoxys21
69%
lunala64
69%
shaymin34
69%
solgaleo63
69%
xerneas49
69%
genesect48
66%
hoopa53
66%
tokopisco60
66%
tokopiyon58
66%
tokorico57
66%
zarude76
66%
boréas40
62%
démétéros44
62%
diancie52
62%
éthernatos73
62%
fulguris41
62%
meloetta47
62%
regidrago78
62%
volcanion54
62%
zygarde51
62%
tokotoro59
59%
cosmovum62
55%
magearna66
55%
necrozma65
55%
regieleki77
55%
shifours75
55%
sylveroy81
52%
zeraora68
52%
cosmog61
48%
marshadow67
48%
silvallié56
48%
spectreval80
48%
type:055
48%
wushours74
48%
blizzeval79
45%
colbatium37
45%
melmetal70
45%
meltan69
45%

Distribution des résultats

Percentile par nombre de réponses

% des personnes avec chaque résultat

Votre développement - résultats

Vous n’avez pas pris ce quiz